| 000 | 00514nam a2200145Ia 4500 | ||
|---|---|---|---|
| 008 | 170221s9999 xx 000 0 und d | ||
| 100 | _aNurhazani Mohd Shariff | ||
| 245 | _aDeveloping International Migrant Labors Pattern: The Case of Tourism and Hospitality Industry | ||
| 245 | _cNurhazani Mohd Shariff, Azlan Zainol Abidin | ||
| 260 | _bInternational Review of Management and Marketing | ||
| 260 | _c2017 | ||
| 300 | _a7 : 1 | ||
| 650 | _xMarketing. | ||
| 856 | _uhttp://www.econjournals.com/index.php/irmm | ||
| 999 |
_c308007 _d308007 |
||